| 000 | 00686nac a22001931u 4500 | ||
|---|---|---|---|
| 020 | _a812241141X | ||
| 082 |
_a660.283 _bSAH |
||
| 090 |
_c7926 _d7926 |
||
| 100 | _a20080729 | ||
| 245 |
_aHandbook of piping design/ _cG. K. Sahu |
||
| 260 |
_aNew Delhi: _bNew Age International,1998 _c1998 |
||
| 300 |
_a447p.: _bill.; _c24 cm |
||
| 500 | _adistributer: Al-Ahram | ||
| 500 | _aIncludes index | ||
| 511 | _acatalogued by: wessam | ||
| 650 |
_aPiping _x Design and construction Handbooks, manuals, etc |
||
| 942 |
_cBB _k660.283SAH |
||
| 999 |
_c7926 _d7926 |
||